000 01284cam a2200301 i 4500
003 SA-RiAUC
005 20250415081202.0
008 250408s2012____su g b 000 0 ara c
020 _a9786030086405
040 _aKAFRA
_bara
_cSA-RiAUC
_erda
043 _aa-su---
082 0 4 _a213.9531
_qSA-RiAUC
090 _a213.9531
_b ش و ي
100 1 _aالشويعر، محمد بن سعد،
_d1359 هجري-
_eمؤلف.
245 1 0 _aعالمية الدعوة السلفية ودور الملك عبد العزيز فيها /
_cإعداد محمد بن سعد الشويعر.
250 _aالطبعة الأولى.
264 1 _aالرياض :
_bمحمد بن سعد الشويعر،
_c2012
264 3 _a[مكان الطبع غير محدد] :
_bمطابع الحميضي
300 _a174 صفحة ؛
_c24 سم
336 _aنص
_btxt
_2rdacontent
_3كتاب
337 _aبدون وسيط
_bn
_2rdamedia
338 _aمجلد
_bnc
_2rdacarrier
504 _aيشتمل على إرجاعات ببليوجرافية.
504 _aببليوجرافية : صفحة 165-167.
650 7 _aالسلفية
_zالسعودية
_yعبد العزيز بن عبد الرحمن، 1319-1373 هجري.
_2aucsh
942 _2ddc
_cBOOK
_n0
949 _aSA-JeALM
_d250408
_umohamedma123
_n1
999 _c7086
_d7086